000 01284cab a22002295a 4500
001 L144344
008 080714s2008 xxk f v 000 0 eng d
035 _a(Sirsi) u144344
041 0 _aeng
245 0 0 _aShah and others v Colvia Management Co Ltd [2008] EWCA Civ 195
260 _c2008
490 0 _aCommercial Leases
_v22(3) April 2008, 1324-1327(4)
520 _aDiscusses the case of Shah and others v Colvia Management Co Ltd [2008] EWCA Civ 195. The case concerned the construction of commercial lease regime rules and regulations and whether a revised parking scheme was reasonable and in accordance with the lease provisions. The case went to the Court of Appeal which allowed the appeal. Covers the background to the case, the first instance decision and the appeal. The case highlights the need for careful drafting of leases.
590 _aKA
650 2 4 _aWEDNESBURY CORP V MINISTRY OF HOUSING AND LOCAL GOVERNMENT
650 2 4 _aINTERNATIONAL DRILLING FLUIDS LTD V LOUISVILLE INVESTMENTS (UXBRIDGE) LTD
650 2 4 _aMONTROSE COURT HOLDINGS V SHAMASH
650 2 4 _aSAEED V PLUSTRADE
651 4 _aEngland and Wales
_y1543-
690 _aPROPERTY-COMMERCIAL PROPERTY-LEASEHOLD COMMERCIAL PROPERTY-COMMERCIAL LANDLORD AND TENANT-COMMERCIAL LEASES
942 _n0
999 _c80433
_d80433